<?xml version="1.0" encoding="UTF-8"?>
<record
    xmlns:xsi="http://www.w3.org/2001/XMLSchema-instance"
    xsi:schemaLocation="http://www.loc.gov/MARC21/slim http://www.loc.gov/standards/marcxml/schema/MARC21slim.xsd"
    xmlns="http://www.loc.gov/MARC21/slim">

  <leader>02385cam a2200289   4500500</leader>
  <controlfield tag="005">20260524000935.0</controlfield>
  <datafield tag="041" ind1=" " ind2=" ">
    <subfield code="a">fre</subfield>
  </datafield>
  <datafield tag="042" ind1=" " ind2=" ">
    <subfield code="a">dc</subfield>
  </datafield>
  <datafield tag="100" ind1="1" ind2="0">
    <subfield code="a">B&#xE9;rard, Jean</subfield>
    <subfield code="e">author</subfield>
  </datafield>
  <datafield tag="245" ind1="0" ind2="0">
    <subfield code="a">La d&#xE9;fense de la nature et le champ du pouvoir</subfield>
  </datafield>
  <datafield tag="260" ind1=" " ind2=" ">
    <subfield code="c">2024.
							</subfield>
  </datafield>
  <datafield tag="500" ind1=" " ind2=" ">
    <subfield code="a">17</subfield>
  </datafield>
  <datafield tag="520" ind1=" " ind2=" ">
    <subfield code="a">L&#x2019;article &#xE9;tudie les politiques environnementales mises en place dans les premi&#xE8;res ann&#xE9;es de l&#x2019;alternance de 1981 &#xE0; travers l&#x2019;&#xE9;volution du droit de l&#x2019;environnement, au double sens du droit positif, inscrit dans un ensemble de normes et de jurisprudences, et de sa mise en discussion dans la doctrine juridique. Il montre la mani&#xE8;re dont les juristes sp&#xE9;cialis&#xE9;s poursuivent la structuration d&#x2019;un espace d&#x2019;avant-garde dans le champ juridique et la formulation d&#x2019;une doctrine sur ce que devraient &#xEA;tre les normes de protection de la nature. Leurs espoirs de r&#xE9;forme sont d&#xE9;&#xE7;us et ils s&#x2019;affrontent &#xE0; la pression mise sur les normes environnementales au nom de la croissance et de la comp&#xE9;titivit&#xE9;, de mani&#xE8;re accrue apr&#xE8;s le tournant de la rigueur.</subfield>
  </datafield>
  <datafield tag="520" ind1=" " ind2=" ">
    <subfield code="a">This article investigates the environmental policies implemented in the early years of the Mitterrand socialist government (1981-1986) through the evolution of environmental law, examined from the two-fold perspective of positive law, enshrined in a body of legal texts and case law, and its examination in legal doctrine. It shows how specialized legal experts attempted to structure an avant-garde space in the legal field and to elaborate a doctrine on what laws for nature protection should look like. Their hopes for reform were dashed, however, and they were forced to contend with the pressure put on environmental laws in the name of growth and competitiveness, even more so after the emergence of austerity measures.</subfield>
  </datafield>
  <datafield tag="690" ind1=" " ind2=" ">
    <subfield code="a">champ du pouvoir</subfield>
  </datafield>
  <datafield tag="690" ind1=" " ind2=" ">
    <subfield code="a">droit de l&#x2019;environnement</subfield>
  </datafield>
  <datafield tag="690" ind1=" " ind2=" ">
    <subfield code="a">&#xE9;cologie politique</subfield>
  </datafield>
  <datafield tag="690" ind1=" " ind2=" ">
    <subfield code="a">Fran&#xE7;ois Mitterrand</subfield>
  </datafield>
  <datafield tag="690" ind1=" " ind2=" ">
    <subfield code="a">Parti socialiste</subfield>
  </datafield>
  <datafield tag="690" ind1=" " ind2=" ">
    <subfield code="a">environmental law</subfield>
  </datafield>
  <datafield tag="690" ind1=" " ind2=" ">
    <subfield code="a">field of power</subfield>
  </datafield>
  <datafield tag="690" ind1=" " ind2=" ">
    <subfield code="a">Fran&#xE7;ois Mitterrand</subfield>
  </datafield>
  <datafield tag="690" ind1=" " ind2=" ">
    <subfield code="a">political ecology</subfield>
  </datafield>
  <datafield tag="690" ind1=" " ind2=" ">
    <subfield code="a">Socialist Party</subfield>
  </datafield>
  <datafield tag="786" ind1="0" ind2=" ">
    <subfield code="n">20 &amp;amp; 21. Revue d'histoire | 159 | 3 | 2024-04-16 | p. 45-59 | 2649-664X</subfield>
  </datafield>
  <datafield tag="856" ind1="4" ind2="1">
    <subfield code="u">https://shs.cairn.info/revue-vingt-et-vingt-et-un-revue-d-histoire-2023-3-page-45?lang=fr&amp;redirect-ssocas=7080</subfield>
  </datafield>
  <datafield tag="999" ind1=" " ind2=" ">
    <subfield code="c">2254336</subfield>
    <subfield code="d">2254336</subfield>
  </datafield>
</record>
